Manual de soldadura : todo lo que usted debe saber para soldar, cortar y modelar metal /

Salvato in:
Dettagli Bibliografici
Autore principale: Pearce, Andrew (autor)
Natura: Libro
Lingua:spagnolo
Pubblicazione: México : Trillas, 2023, c2023
Soggetti:
Tags: Aggiungi Tag
Nessun Tag, puoi essere il primo ad aggiungerne!!

MARC

LEADER 00000nam^a2200000^a^4500
001 000583212
005 20250521000000.0
009 20260310132645.2
020 |a 978-607-17-4490-6 
037 |a Acervo ITESO - Biblioteca 
041 |a ESP 
082 |a 671. 52  |b PEA 
100 |a Pearce, Andrew  |e (autor) 
245 1 0 |a Manual de soldadura :  |b todo lo que usted debe saber para soldar, cortar y modelar metal /  |c A. Pearce. 
264 4 |a México :  |b Trillas,  |c 2023, c2023 
300 |a 192 p. 
336 |a texto  |b txt  |2 rdacontenido 
337 |a sin mediación  |b n  |2 rdamedio 
338 |a volumen  |b nc  |2 rdasoporte 
500 |a Traducción de: Farm and Workshop Welding: Everything You Need to Know to Weld, Cut and Shape Metal 
521 |a 2024 BO Licenciatura en Ingeniería Mecánica 
590 |a Traducción de la 3a edición en inglés 
649 |a XX 
650 |a Calor 
650 |a Metales -  |x Tratamiento Térmico 
650 |a Materiales de Construcción 
650 |a Soldadura -  |x Tema Principal 
650 |a Construcción 
910 |a Fondo General 
920 |a Impresos - Libros 
930 |a Colección General 
905 |a 101 
901 |a 0500407079  |b IT1  |c ACC  |i C185660  |u 20250521 
902 |a https://opac.biblio.iteso.mx/vufind/Record/000583212